000 00763cab a22001935a 4500
001 L158395
008 150130e20150124xxk 000 0 eng d
035 _a(Sirsi) u158395
041 0 _aeng
100 1 _aEden, Tony
245 0 0 _aTaking the stand
260 _c2015
490 _aEstates Gazette
_v(1503) 24 January 2015, 74-76(2)
520 _aConsiders the framework for surveyors acting as expert witnesses following publication of new RICS guidance which came into effect on 2 July 2014. Discusses the scope of the role, the dual role where the surveyor appears as both advocate and expert witness, the main duties of the expert and the expert report.
590 _aKA
651 4 _aUnited Kingdom
690 _aDispute resolution
_96236
942 _n0
999 _c84585
_d84585